<?xml version="1.0" encoding="UTF-8"?>
<marc:record xmlns:marc="http://www.loc.gov/MARC21/slim">
   <marc:leader>00000nam a2200000 a 4500</marc:leader>
   <marc:datafield ind1="1" ind2=" " tag="100">
      <marc:subfield code="a">Reed, Ava</marc:subfield>
      <marc:subfield code="4">aut</marc:subfield>
      <marc:subfield code="e">Verfasser/-in</marc:subfield>
   </marc:datafield>
   <marc:datafield ind1=" " ind2=" " tag="653">
      <marc:subfield code="a">Jugendbuch</marc:subfield>
   </marc:datafield>
   <marc:datafield ind1=" " ind2=" " tag="653">
      <marc:subfield code="a">von Yara und Noel</marc:subfield>
   </marc:datafield>
   <marc:datafield ind1=" " ind2=" " tag="653">
      <marc:subfield code="a">Ein letzter Wille</marc:subfield>
   </marc:datafield>
   <marc:datafield ind1=" " ind2=" " tag="653">
      <marc:subfield code="a">Eine Liste mit zehn Wünschen</marc:subfield>
   </marc:datafield>
   <marc:datafield ind1="0" ind2="0" tag="245">
      <marc:subfield code="a">Wir flliegen, wenn wir fallen</marc:subfield>
   </marc:datafield>
   <marc:datafield ind1="0" ind2="0" tag="245">
      <marc:subfield code="b">Unsere Welt besteht aus vielen kleinen Wundern, wir nehmen uns nur zu selten Zeit für sie.</marc:subfield>
   </marc:datafield>
   <marc:datafield ind1="0" ind2="0" tag="245">
      <marc:subfield code="c">Ava Reed</marc:subfield>
   </marc:datafield>
   <marc:datafield ind1=" " ind2="1" tag="264">
      <marc:subfield code="a">Wien; München</marc:subfield>
      <marc:subfield code="b">Betz</marc:subfield>
      <marc:subfield code="c">2017</marc:subfield>
   </marc:datafield>
   <marc:datafield ind1="1" ind2=" " tag="520">
      <marc:subfield code="a">Eine Nacht unter den Sternen schlafen. Einen Spaziergang im Regenwald machen. Die Nordlichter beobachten ... So beginnt eine Liste mit zehn Wünschen, die Phil nach seinem Tod hinterlässt, gewidmet seinem Enkel Noel und der siebzehnjährigen Yara. Phils letztem Willen zufolge sollen sich die beiden an seiner statt die Wünsche erfüllen. Gemeinsam. Yara und Noel, die sich vom ersten Moment an nicht ausstehen können, willigen nur Phil zuliebe ein. Doch ohne es zu wissen, begeben sich die beiden auf eine Reise, die nicht nur ihr Leben grundlegend verändern wird, sondern an deren Ende beiden klar ist: Das Glück, das Leben und die Liebe fangen gerade erst an. [Verlagstext]</marc:subfield>
   </marc:datafield>
   <marc:datafield ind1=" " ind2=" " tag="020">
      <marc:subfield code="a">9783764170721</marc:subfield>
      <marc:subfield code="9">9783764170721</marc:subfield>
   </marc:datafield>
   <marc:datafield ind1=" " ind2=" " tag="041">
      <marc:subfield code="a">ger</marc:subfield>
   </marc:datafield>
   <marc:datafield ind1=" " ind2=" " tag="300">
      <marc:subfield code="a">295 S.</marc:subfield>
   </marc:datafield>
</marc:record>
